000 00745cam a22002413a 4500
001 17836
003 PGUSA
005 20140828083359.0
008 060223s2006||||xxu|||||s|||||000 | eng d
040 _aPGUSA
_beng
042 _adc
050 4 _aF106
100 1 _aRossi, Adolfo,
_d1857-1921
245 1 0 _aNel paese dei dollari :
_bTre anni a New-York
_h[electronic resource] /
_cAdolfo Rossi
260 _bProject Gutenberg,
_c2006
506 _aPublic domain in the USA.
516 _aElectronic text
653 _aItalians -- New York (State) -- New York
653 _aNew York (N.Y.) -- Social life and customs -- 19th century
830 0 _aProject Gutenberg
_v17836
856 4 0 _uhttp://www.gutenberg.org/ebooks/17836
942 _cEB
999 _c247091
_d247091